01191cam a22003614i 4500003000900000005001700009008004100026020001500067035002700082040003300109082001700142100003400159245011700193264005500310300005500365336002100420337002500441338002300466504002800489505018900517526001000706526001000716526001000726526001000736526000800746526000800754526000800762526000800770526000800778526000800786526000800794650002700802PE-LiUPU20250731172955.0150623s1997 miua rb 000 0 eng d a0801021065 a(Sirsi) i9780801021060 aPE-LiUPUbspacPE-LiUPUerda04a268bP332211 aPazmiño, Robert W.,eautor.10aFoundational issues in Christian Education :ban introduction in evangelical perspective /cRobert W. Pazmiño. 1aGrand Rapids, Michigan :bBaker Book House,c1997. a267 páginas :bilustraciones ;c23 centímetros atext2rdacontent aunmediated2rdamedia avolume2rdacarrier aIncluye bibliografía.0 aBiblical foundations --Theological foundations -- Philosophical foundations -- Historical foundations -- Sociological foundtions -- Psychological foundations -- Curricular foundations. aSEG42 aSEG41 aSEG40 aSEG39 aP94 aP87 aP86 aP85 aP77 aP76 aP3504aEducación cristiana.